000 00588nam a2200193 a 4500
001 13254
003 CO-ViMGA
008 141112s2004 ck r 000 u spa d
020 _a9589206654
040 _aCO-ViMGA
_bspa
_cCO-ViMGA
082 0 4 _a374.012 S243e
100 1 _aSchiefelbein, E
_919435
245 1 0 _aeducación basica y analfabetismo en los paises latinoAméricanos del Convenio Andres Bello
260 _aSantafé de Bogotá :
_bCAB,
_c1995
300 _a74
650 1 4 _aALFABETIZACION DE ADULTOS - CHILE
_919436
650 1 4 _aANALFABETISMO - CHILE
_919437
942 _2ddc
_cBK
999 _c24002
_d24002